01160nam a22002295a 450000500170000000800410001701000130005802000260007103500130009703700080011004000180011808200160013611100670015224501080021926000960032730000480042352002440047171000390071594200300075499900170078495201290080120100410154820.0091110s2010 ii a 100 0 eng  aG-001629 a9788131726716c650.00 aG-001629 bPUB adplbEnglish  a333.9100954 aFestival of Waterd(2004 :cIndia International Centre)934994 aWater culture, politics, and management /cIndia International Centre; introduction by Kapila Vatsyayan aNew Delhi bDorling Kindersley (India), licensees of Pearson Education in South Asia,c2010 axlviii, 156 p. :bcol. photos c24 cm(Hb)  aContributed articles by well-known connoisseurs of Indian art and culture as well as experts and activists dedicated to the cause of conservation of water during the Festival of Water held at India International Centre in Feb. 16-22, 2004. aIndia International Centre.934995 2ddccENmWATh333.9100954 c35207d35207 00102ddc40708NFICaJPbJPd2010-04-10g650.00l1o333.9100954 WATpG-001629r2012-07-30 00:00:00s2012-07-16v650.00yEN